Statistiques concernant Les finales de la Coupe des confédérations

Cliquez ici pour prendre le quiz!

Statistiques générales

  • Ce quiz a été pris 63 fois
  • Le résultat moyen est 17 sur 20

Statistiques - réponses

Edition Score Pays % Correct
20011France
100%
19976Brésil
100%
20171Allemagne
100%
19923Argentine
93%
20170Chili
92%
20130Espagne
87%
19994Mexique
84%
20092Etats-Unis
75%
20010Japon
70%
19970Australie
62%
20030Cameroun
62%
19952Danemark
61%
19921Arabie saoudite
31%

Distribution des résultats

Percentile par nombre de réponses

% des personnes avec chaque résultat

Votre développement - résultats

Vous n’avez pas pris ce quiz